书目信息 |
| 题名: |
百科自学大全
|
|
| 作者: | ;河北人民出版社 编 | |
| 分册: | 哲学 社会科学 | |
| 出版信息: | 石家庄 河北人民出版社 1987 |
|
| 页数: | 817页 | |
| 开本: | 20cm | |
| 丛书名: | ||
| 单 册: | ||
| 中图分类: | Z228 , N6 | |
| 科图分类: | ||
| 主题词: | 科学知识--手册 , 哲学--基本知识 , 社会科学--基本知识 , 自然科学--工具书 | |
| 电子资源: | ||
| ISBN: | ||
| 000 | 00783nam0 2200289 45 | |
| 001 | 0187015015 | |
| 005 | 20040524104459.9 | |
| 010 | @dCNY6.10 | |
| 091 | @a17086.81 | |
| 100 | @a19951205d1987 em y0chiy0121 ea | |
| 101 | 0 | @achi |
| 102 | @aCN@b130000 | |
| 105 | @ay z 000yy | |
| 106 | @ar | |
| 200 | 10 | @a百科自学大全@i哲学 社会科学@Abai ke zi xue da quan@f河北人民出版社编 |
| 210 | @a石家庄@c河北人民出版社@d1987 | |
| 215 | @a817页@d20cm | |
| 606 | @a科学知识@x手册 | |
| 606 | @a哲学@x基本知识 | |
| 606 | @a社会科学@x基本知识 | |
| 606 | 0 | @a自然科学@x工具书 |
| 690 | @aZ228@v3 | |
| 690 | @aN6 | |
| 711 | 02 | @a河北人民出版社@4编@Ahe bei ren min chu ban she |
| 801 | 0 | @aCN@b深圳图书馆@c20040524 |
| 801 | 2 | @aCN@bNLC@c20040524 |
| 905 | @f3@b203440-442@dN6@e41 | |
| 百科自学大全.哲学 社会科学/河北人民出版社编.-石家庄:河北人民出版社,1987 |
| 817页;20cm |
| ISBN :CNY6.10 |
| ● |
| 相关链接 |
|
|
|
|
正题名:百科自学大全
索取号:N6/41
 
预约/预借
| 序号 | 登录号 | 条形码 | 馆藏地/架位号 | 状态 | 备注 |
| 1 | 0203440 | 001235461 | 第三借阅区/ [索取号:N6/41] | 在馆 | |
| 2 | 0203441 | 001235443 | 第三借阅区/ [索取号:N6/41] | 在馆 | |
| 3 | 0203442 | 001235416 | 第三借阅区/ [索取号:N6/41] | 在馆 |